书目信息 |
| 题名: |
春到何处去赏花
|
|
| 作者: | 肖复兴 著 ;喻萍 绘 | |
| 分册: | ||
| 出版信息: | 武汉 长江文艺出版社 2024.11 |
|
| 页数: | 184页 | |
| 开本: | 23cm | |
| 丛书名: | ||
| 单 册: | ||
| 中图分类: | I267 | |
| 科图分类: | ||
| 主题词: | 散文集--中国--当代 | |
| 电子资源: | ||
| ISBN: | 978-7-5702-3701-2 | |
| 000 | 00996nam0 2200253 450 | |
| 001 | 012775021 | |
| 005 | 20251022140553.69 | |
| 010 | @a978-7-5702-3701-2@dCNY42.00 | |
| 100 | @a20241018d2024 em y0chiy0120 ea | |
| 101 | 0 | @achi |
| 102 | @aCN@b420000 | |
| 105 | @aah z 000cy | |
| 106 | @ar | |
| 200 | 1 | @a春到何处去赏花@9chun dao he chu qu shang hua@f肖复兴著@g喻萍绘 |
| 210 | @a武汉@c长江文艺出版社@d2024.11 | |
| 215 | @a184页@c图,摹真@d23cm | |
| 300 | @a肖复兴作品 | |
| 330 | @a本书以小品文的形式,讲述老北京的风土民俗和传统文化,再现中华民族的旧时风物和今朝新香。包含京味京韵,如胡同、老院、老树;节庆民俗,如春节的门联儿和剪窗花、中秋节的兔儿爷、七夕的乞巧节等;饮食文化,如点心、酸梅汤、饮冰小史等;文化风俗,如京剧、评书、叫卖等;民间传统工艺及行当,如糖人儿、面塑等。 | |
| 606 | 0 | @a散文集@y中国@z当代 |
| 690 | @aI267@v5 | |
| 701 | 0 | @a肖复兴@9xiao fu xing@4著 |
| 702 | 0 | @a喻萍@9yu ping@4绘 |
| 801 | 0 | @aCN@c20250911 |
| 905 | @a河南城建学院图书馆@dI267@eX292-11@ZX292-11@f1 | |
| 春到何处去赏花/肖复兴著/喻萍绘.-武汉:长江文艺出版社,2024.11 |
| 184页:图,摹真;23cm |
| 肖复兴作品 |
| ISBN 978-7-5702-3701-2:CNY42.00 |
| 本书以小品文的形式,讲述老北京的风土民俗和传统文化,再现中华民族的旧时风物和今朝新香。包含京味京韵,如胡同、老院、老树;节庆民俗,如春节的门联儿和剪窗花、中秋节的兔儿爷、七夕的乞巧节等;饮食文化,如点心、酸梅汤、饮冰小史等;文化风俗,如京剧、评书、叫卖等;民间传统工艺及行当,如糖人儿、面塑等。 |
| ● |
| 相关链接 |
|
|
|
正题名:春到何处去赏花
索取号:I267/X292-11
 
预约/预借
| 序号 | 登录号 | 条形码 | 馆藏地/架位号 | 状态 | 备注 |
| 1 | 1636357 | 216363575 | 文学库116/116文学库 7排3列6层/ [索取号:I267/X292-11] | 在馆 |